000 01711 a2200325 4500
001 45768
005 20260407155729.0
008 260407a2000 arg spa d
003 AR-UNSa-BCEJYS
040 _aAR-UNSa-BCEJYS
_bspa
_cAR-UNSa-BCEJYS
080 _a94(82)
_xHistoria de Argentina
245 1 0 _aNueva historia argentina
020 _a950-07-1385-3
264 1 _aBuenos Aires :
_bSudamericana
_c2000
300 _a10 v.
_c24 cm.
505 _aVol. 1: Los pueblos originarios y la conquista / Miriam Noemí Tarragó, dir. - Vol. 2: La sociedad colonial / Enrique Tandeter, dir. -- Vol.3: Revolución, república, confedereación (1806-1852) / Noemí Goldman, dir. -- Vol.4: Liberalismo, estado y orden burgués (1852-1880) / Marta Bonaudo, dir. -- Vol.5: El progreso, la modernización y sus límites (1880-1916) / Mirta Zaida Lobato, dir. -- Vol. 6: Democracia, conflicto social y renovación de ideas (19616-1930) / Ricardo Falcón, dir.--Vol. 7: Crisis económica, avance del estado e incertidumbre política(1930-1943)/ Alejandro Cattaruzza, dir. -- Vol.8: Los años peronistas (1943-1955) / Juan Carlos Torre, dir. -- Vol.9: Violencia, proscripción y autoritarismo (1955-1976) / Daniel James, dir.
041 _aspa
942 _cBK
590 _aniveau_biblio:m niveau_hierar:0
100 1 _aSuriano, Juan
700 1 _aTarragó, Myriam Noemí
700 1 _aTandeter, Enrique
700 1 _aFalcón, Ricardo
700 1 _aLobato, Mirta Zaida
700 1 _aCattaruzza, Alejandro
700 1 _aTorre, Juan Carlos
700 1 _aJames, Daniel
700 1 _aBonaudo, Marta
856 4 1 _uhttps://www.biblioeco.unsa.edu.ar/pmb/images/libros/L87043.jpg
_yImagen de portada
_qimage/jpeg
999 _c3988
_d3988